| 000 | 00523nam a2200193Ia 4500 | ||
|---|---|---|---|
| 003 | GCL | ||
| 008 | 140319s9999 xx 000 0 eng d | ||
| 040 |
_aGCL / _cGCL |
||
| 082 | 0 | 4 |
_a709.04063 _bG S |
| 100 | 1 | _aGHARIEB, SAMIR | |
| 245 | 1 | 0 |
_aLES SURREA LISME EN EGYPTE ET LES ARTS PLASTIQUES / _cGHARIEB, SAMIR |
| 260 |
_a[S.N] : _bINSTITUTE DE LA CULTURE ، _c1988 |
||
| 300 | _a98 P | ||
| 490 |
_aPRISME: SERIED BRT 3 _v0 |
||
| 650 | 0 | 4 | _aEGYPT |
| 650 | 0 | 4 | _aSURRIALISM |
| 650 | 0 | 4 | _aART, EGYPTIAN |
| 942 |
_2ddc _cBK |
||
| 999 |
_c19417 _d19417 |
||